• AIU
  • Tony Wilmot Memorial Library

The ten-minute guide to educational leadership : (Record no. 35598)

MARC details
000 -LEADER
fixed length control field 01181nam a22003371a 4500
001 - CONTROL NUMBER
control field 729226
005 - DATE AND TIME OF LATEST TRANSACTION
control field 20170429020002.0
008 - FIXED-LENGTH DATA ELEMENTS--GENERAL INFORMATION
fixed length control field 980211s1998 paua bf 001 0 eng d
010 ## - LIBRARY OF CONGRESS CONTROL NUMBER
LC control number 98060078
020 ## - INTERNATIONAL STANDARD BOOK NUMBER
International Standard Book Number 1566766508
035 ## - SYSTEM CONTROL NUMBER
System control number (OCoLC)38911145
040 ## - CATALOGING SOURCE
Original cataloging agency PPSJ
Transcribing agency PPSJ
Modifying agency DLC
042 ## - AUTHENTICATION CODE
Authentication code lccopycat
050 00 - LIBRARY OF CONGRESS CALL NUMBER
Classification number LB 2805.P29 1998
Item number LB 2805.P29 1998
082 00 - DEWEY DECIMAL CLASSIFICATION NUMBER
Classification number 371.2
Edition number 21
100 1# - MAIN ENTRY--PERSONAL NAME
Personal name Palestini, Robert H.
245 14 - TITLE STATEMENT
Title The ten-minute guide to educational leadership :
Remainder of title a handbook of insights /
Statement of responsibility, etc Dr. Robert H. Palestini.
Medium [Text]
260 ## - PUBLICATION, DISTRIBUTION, ETC. (IMPRINT)
Place of publication, distribution, etc Lancaster, Pa.
Name of publisher, distributor, etc Technomic Publishing Co.
Date of publication, distribution, etc c1998
300 ## - PHYSICAL DESCRIPTION
Extent xi, 94 p. :
Other physical details ill. ;
Dimensions 23 cm.
504 ## - BIBLIOGRAPHY, ETC. NOTE
Bibliography, etc Includes index
505 0# - FORMATTED CONTENTS NOTE
Formatted contents note Includes index
650 #0 - SUBJECT ADDED ENTRY--TOPICAL TERM
Topical term or geographic name as entry element Educational leadership
General subdivision Handbooks, manuals, etc.
650 #0 - SUBJECT ADDED ENTRY--TOPICAL TERM
Topical term or geographic name as entry element School management and organization
General subdivision Handbooks, manuals, etc.
906 ## - LOCAL DATA ELEMENT F, LDF (RLIN)
a 7
b cbc
c copycat
d 3
e opcn
f 19
g y-gencatlg
920 ## -
-- **LC HAS REQ'D # OF SHELF COPIES**
922 ## -
-- ad
991 ## -
-- c-GenColl
-- LB2805
-- P29 1998
-- Copy 1
-- BOOKS
942 00 - ADDED ENTRY ELEMENTS (KOHA)
Koha issues (borrowed), all copies 10
Holdings
Withdrawn status Lost status Source of classification or shelving scheme Damaged status Not for loan Collection code Home library Current library Shelving location Date acquired Cost, normal purchase price Total Checkouts Total Renewals Full call number Barcode Date last seen Date checked out Copy number Price effective from Koha item type
    Library of Congress Classification     General Circulation AIU/NEGST - Tony Wilmot Memorial Library AIU/NEGST - Tony Wilmot Memorial Library General Stacks 01/30/2010 21.95 11 1 LB 2805.P29 1998 R56704J3232 09/02/2019 03/03/2018 1 01/30/2010 Books
    Library of Congress Classification     General Circulation AIU/NEGST - Tony Wilmot Memorial Library AIU/NEGST - Tony Wilmot Memorial Library General Stacks 01/30/2010 23.95 11 6 LB 2805.P29 1998 R48300N3232 09/02/2019 02/23/2017 1 01/30/2010 Books